00629nam a2200181 a 450000100100000000500170001000800410002704000250006808200080009310000360010124500740013726000500021130000210026149000170028283000230029995201080032299900170043000004019520201002033957.0130814s1972 sp 000 0 spa d aDO-SdBNPbspacBNPHU axxx1 aRuiz del Vizo, Hortensia96645610aPoesía negra del Caribe y otras áreas /cHortensia Ruiz del Vizo. aMiami, Florida :bEdiciones Universal,c1972. a168 p. ;c17 cm.1 aAntologías 0aAntologías99677 001050718MOaGRbGRcCTd2013-08-14iLF1l0oxxx p40195-10r2020-06-25w2020-06-25y1ZNo se presta c39685d39685